Oriental treasures in the mediterranean

Bibliographic Details
Main Author: Stierlin, Henri
Format: Book
Published: Italy : White Star , 2005
Subjects:

MARC

LEADER 00000cam a2200000 7i4500
001 0000016442
005 20080425.0
008 080425
020 |a 8854400874 
090 0 0 |a 720.9   |b STI 
100 1 |a Stierlin, Henri 
245 1 0 |a Oriental treasures in the mediterranean   |c By Henri Stierlin 
260 |a Italy :   |b White Star ,   |c 2005 
650 0 |a Architecture   |x Historical 
999 |a 0001014089   |b Book   |c REFERENCE   |e Perbadanan Perpustakaan Awam Johor